Children of paradise (Record no. 382560)

MARC details
000 -LEADER
fixed length control field 00278nam a2200097Ia 4500
082 ## - DEWEY DECIMAL CLASSIFICATION NUMBER
Classification number 323.168 MZAM
008 - FIXED-LENGTH DATA ELEMENTS--GENERAL INFORMATION
fixed length control field 210817s9999 xx 000 0 und d
100 ## - MAIN ENTRY--PERSONAL NAME
Personal name Mzamane, Mbulelo, Scottsville, South Africa, 2011
9 (RLIN) 47911
245 #0 - TITLE STATEMENT
Title Children of paradise
942 ## - ADDED ENTRY ELEMENTS
item type Books

No items available.